000 00394pab a2200157 454500
008 180718b1999 xxu||||| |||| 00| 0 eng d
100 _aGarg, Kapil
245 _aProcedural delay in rape cases: causes and remedial measures
260 _c1999
300 _ap.12-14
362 _aMar
650 _aSexual abuse
700 _aSingh, Sudhir Pratap
773 _aCBI Bulletin
909 _a41759
999 _c41759
_d41759